Sklad v Krušovicích zlevní rozvoz piva

Krušovický pivovar otvoril väčší sklad a spustil výkonnejšiu plechovkovú linku. Nový sklad prinesie zjednodušenie aj zlacnenie logistiky. Podľa vyjadrenia Milana Schramma, riaditeľa výroby pivovarov spoločnosti Heineken ČR do ktorej Krušovice patria, investície povedú k úsporám skladovacích nákladov...

Full description

Saved in:
Bibliographic Details
Main Author: Hubička, Filip
Format: Book Chapter
Language:Czech
Subjects:
Tags: Add Tag
No Tags, Be the first to tag this record!

MARC

LEADER 00000naa a2200000 4500
001 0269244
005 20201015133924.4
041 0 |a cze 
044 |a CZ 
245 1 0 |a Sklad v Krušovicích zlevní rozvoz piva  |c Filip Hubička 
500 |a Distribuce piva 
520 |a Krušovický pivovar otvoril väčší sklad a spustil výkonnejšiu plechovkovú linku. Nový sklad prinesie zjednodušenie aj zlacnenie logistiky. Podľa vyjadrenia Milana Schramma, riaditeľa výroby pivovarov spoločnosti Heineken ČR do ktorej Krušovice patria, investície povedú k úsporám skladovacích nákladov, aj tých transportných. Pivovar zmodernizoval plechovkovú linku. Hodinová kapacita linky stúpla z 24-tisíc na 32-tisíc plechoviek. Pivo v plechovkách vedie. 
610 2 0 |a pivovary 
610 2 0 |a pivo 
610 2 0 |a investície 
610 2 0 |a sklady 
610 2 0 |a logistika 
610 2 0 |a doprava 
610 2 0 |a modernizácia 
610 2 0 |a náklady 
100 1 |a Hubička, Filip